[Event "Florianopolis op 10th"]
[Site "Florianopolis"]
[Date "2024.01.27"]
[Round "9"]
[White "Nakata, Thifanni Harumi"]
[Black "Elesbao, Bernardo Dartora"]
[Result "0-1"]
[WhiteElo "1785"]
[BlackElo "1551"]
[PlyCount "100"]
[EventDate "2024.01.20"]
[EventType "swiss"]
[EventRounds "10"]
[EventCountry "BRA"]
[SourceTitle "CB05_2024"]
[SourceDate "2024.01.31"]
[SourceVersion "1"]
[SourceVersionDate "2024.01.31"]
[SourceQuality "1"]

1. d4 d5 2. c4 c6 3. Nc3 Nf6 4. Nf3 e6 5. Bg5 Nbd7 6. e3 Bd6 7. Bd3 dxc4 8. Bxc4 b5 9. Bd3 h6 10. Bh4 Bb7 11. Qe2 b4 12. Ne4 Be7 13. Bg3 Nxe4 14. Bxe4 Nf6 15. Bd3 0-0 16. 0-0 Rc8 17. Rfd1 Qa5 18. e4 Rfd8 19. e5 Nh7 20. Nd2 c5 21. Nb3 Qb6 22. dxc5 Bxc5 23. Nxc5 Qxc5 24. Bf4 Qa5 25. a3 b3 26. Qg4 Qa4 27. Qg3 Rd4 28. Be3 Rg4 29. Qh3 Rxg2+ 30. Kf1 Ng5 31. Bxg5 Rxg5 32. Qe3 Bg2+ 33. Ke2 Qg4+ 34. Kd2 Qh4 35. Rac1 Rd8 36. Rc3 Bd5 37. Rdc1 g6 38. Rc8 Rg2 39. Ke2 Qg4+ 40. Kd2 Rxc8 41. Rxc8+ Kg7 42. h3 Qh4 43. Ke2 Qh5+ 44. Kd2 Rg1 45. Be2 Qf5 46. Bd3 Qg5 47. f4 Qg2+ 48. Be2 Rb1 49. Kc3 Qh1 50. Kb4 Qe1+ 0-1

[Event "Florianopolis op 10th"]
[Site "Florianopolis"]
[Date "2024.01.20"]
[Round "1"]
[White "Sega, Carlos Alberto"]
[Black "Elesbao, Bernardo Dartora"]
[Result "1/2-1/2"]
[WhiteElo "2193"]
[BlackElo "1551"]
[PlyCount "52"]
[EventDate "2024.01.20"]
[EventType "swiss"]
[EventRounds "10"]
[EventCountry "BRA"]
[SourceTitle "CB05_2024"]
[SourceDate "2024.01.31"]
[SourceVersion "1"]
[SourceVersionDate "2024.01.31"]
[SourceQuality "1"]

1. c4 g6 2. g3 Bg7 3. Bg2 e5 4. Nc3 f5 5. d3 Nf6 6. e3 d6 7. Nge2 0-0 8. 0-0 c6 9. f4 Qe7 10. Qd2 Na6 11. b3 Nc7 12. Ba3 Re8 13. Rae1 exf4 14. Nxf4 Ng4 15. e4 Bd4+ 16. Kh1 Qg7 17. Nd1 Be5 18. Bb2 Bxb2 19. Qxb2 Qxb2 20. Nxb2 Na6 21. Re2 Bd7 22. Rfe1 Nf6 23. exf5 Bxf5 24. Bh3 Bxh3 25. Nxh3 Rxe2 26. Rxe2 Re8 1/2-1/2

[Event "Florianopolis op-C"]
[Site "Florianopolis"]
[Date "2023.09.24"]
[Round "6"]
[White "Schoeffel, Matheus"]
[Black "Elesbao, Bernardo Dartora"]
[Result "0-1"]
[WhiteElo "1187"]
[BlackElo "1558"]
[PlyCount "52"]
[EventDate "2023.09.22"]
[EventType "swiss"]
[EventRounds "6"]
[EventCountry "BRA"]
[SourceTitle "EXT 2024"]
[Source "ChessBase"]
[SourceDate "2023.10.10"]
[SourceVersion "1"]
[SourceVersionDate "2023.10.10"]
[SourceQuality "1"]

1. c4 g6 2. Nc3 Bg7 3. g3 e5 4. Bg2 f5 5. e4 d6 6. Nge2 Ne7 7. d3 0-0 8. 0-0 Nbc6 9. Be3 Be6 10. Qd2 Qd7 11. Nd5 Bf7 12. Bh6 Nd8 13. Bxg7 Kxg7 14. Qg5 Bxd5 15. cxd5 Nf7 16. Qd2 c5 17. f4 Kg8 18. fxe5 dxe5 19. b4 Rac8 20. b5 Nd6 21. Qc3 Nf7 22. Kh1 a5 23. Rae1 Qd6 24. Ng1 b6 25. Nf3 f4 26. gxf4 exf4 0-1

[Event "Florianopolis op-B 04"]
[Site "Florianopolis"]
[Date "2023.04.30"]
[Round "4"]
[White "Elesbao, Bernardo Dartora"]
[Black "Mariani, Kim Paul"]
[Result "0-1"]
[WhiteElo "1625"]
[BlackElo "1361"]
[PlyCount "38"]
[EventDate "2023.04.28"]
[EventType "swiss"]
[EventRounds "6"]
[EventCountry "BRA"]
[SourceTitle "CBM 214 Extra"]
[Source "ChessBase"]
[SourceDate "2023.07.31"]
[SourceVersion "1"]
[SourceVersionDate "2023.07.31"]
[SourceQuality "1"]

1. b3 d5 2. Bb2 Nf6 3. e3 c6 4. c4 Bf5 5. Nf3 e6 6. cxd5 cxd5 7. a3 Bd6 8. d3 Nbd7 9. Nbd2 0-0 10. Nh4 Bg4 11. Be2 Bxe2 12. Qxe2 Rc8 13. Rc1 Rxc1+ 14. Bxc1 Qc7 15. Qd1 Ne5 16. Ke2 Qa5 17. b4 Qa6 18. Qc2 Ne4 19. Nhf3 Nxd3 0-1

[Event "Florianopolis op-B 04"]
[Site "Florianopolis"]
[Date "2023.04.29"]
[Round "2"]
[White "Elesbao, Bernardo Dartora"]
[Black "Paganella, Arthur Leonel"]
[Result "1-0"]
[WhiteElo "1625"]
[BlackElo "1800"]
[PlyCount "99"]
[EventDate "2023.04.28"]
[EventType "swiss"]
[EventRounds "6"]
[EventCountry "BRA"]
[SourceTitle "CBM 214 Extra"]
[Source "ChessBase"]
[SourceDate "2023.07.31"]
[SourceVersion "1"]
[SourceVersionDate "2023.07.31"]
[SourceQuality "1"]

1. b3 d5 2. Bb2 c5 3. e3 Nc6 4. Nf3 Bg4 5. h3 Bxf3 6. Qxf3 e5 7. d3 Qd7 8. Nd2 f5 9. e4 fxe4 10. dxe4 d4 11. Bb5 Nf6 12. Nc4 Bd6 13. Qf5 a6 14. Qxd7+ Kxd7 15. Nb6+ Kc7 16. Nxa8+ Rxa8 17. Bxc6 Kxc6 18. f3 b5 19. g4 a5 20. Bc1 a4 21. Bg5 axb3 22. cxb3 Nd7 23. Ke2 c4 24. a4 bxa4 25. bxc4 a3 26. Ra2 Nc5 27. Rb1 Na4 28. Bd2 Be7 29. c5 Kxc5 30. Rxa3 Kc4 31. Rc1+ Nc3+ 32. Rcxc3+ dxc3 33. Rxa8 cxd2 34. Kxd2 Bg5+ 35. Ke2 Kc5 36. Ra6 Kb5 37. Re6 Bf4 38. Re7 g5 39. Rxh7 Bg3 40. Rc7 Kb6 41. Rc2 Kb5 42. Kf1 Kb4 43. Kg2 Bf4 44. h4 gxh4 45. Kh3 Bg5 46. Rc8 Kb5 47. Rg8 Be7 48. g5 Kc4 49. Kxh4 Kd4 50. Kg4 1-0

[Event "Florianopolis op 9th"]
[Site "Florianopolis"]
[Date "2023.01.25"]
[Round "4"]
[White "Elesbao, Bernardo Dartora"]
[Black "Sombrio, Otto de Henrique"]
[Result "1-0"]
[WhiteElo "1604"]
[BlackElo "1239"]
[PlyCount "55"]
[EventDate "2023.01.23"]
[EventType "swiss"]
[EventRounds "10"]
[EventCountry "BRA"]
[SourceTitle "CBM 212 Extra"]
[Source "ChessBase"]
[SourceDate "2023.03.31"]
[SourceVersion "1"]
[SourceVersionDate "2023.03.31"]
[SourceQuality "1"]

1. e4 c5 2. Nf3 d6 3. d4 cxd4 4. Nxd4 Nf6 5. f3 e5 6. Nb3 Nc6 7. Be3 Be7 8. c4 0-0 9. Nc3 a6 10. Be2 Be6 11. 0-0 Rc8 12. Nd2 Nd7 13. a3 f5 14. f4 Nb6 15. exf5 Bxf5 16. Nd5 Nxd5 17. cxd5 Nb8 18. fxe5 dxe5 19. Nc4 Bd6 20. b4 Bg6 21. Qb3 Kh8 22. Bg4 Rxc4 23. Rxf8+ Qxf8 24. Qxc4 h6 25. Rf1 Qd8 26. h4 e4 27. Bc5 Bxc5+ 28. Qxc5 1-0

[Event "Florianopolis op 9th"]
[Site "Florianopolis"]
[Date "2023.01.24"]
[Round "2"]
[White "Elesbao, Bernardo Dartora"]
[Black "Poli, Maria Luiza De Oliv"]
[Result "1-0"]
[WhiteElo "1604"]
[BlackElo "1156"]
[PlyCount "41"]
[EventDate "2023.01.23"]
[EventType "swiss"]
[EventRounds "10"]
[EventCountry "BRA"]
[SourceTitle "CBM 212 Extra"]
[Source "ChessBase"]
[SourceDate "2023.03.31"]
[SourceVersion "1"]
[SourceVersionDate "2023.03.31"]
[SourceQuality "1"]

1. e4 e5 2. Nf3 Nc6 3. Bc4 Bc5 4. 0-0 Nf6 5. d3 h6 6. Nbd2 0-0 7. Re1 d6 8. c3 Bg4 9. h3 Bh5 10. Nf1 Qd7 11. Ng3 Bg6 12. Nh4 Bh7 13. b4 Bb6 14. Qf3 Qe7 15. Nhf5 Bxf5 16. Nxf5 Qd7 17. Bxh6 Kh7 18. Bxg7 Kg8 19. Bxf6 Rfe8 20. Qg4+ Kf8 21. Qg7# 1-0

[Event "Florianopolis Spring op 2nd"]
[Site "Florianopolis"]
[Date "2022.10.23"]
[Round "6"]
[White "Weber, Eduarda Pasqualoto"]
[Black "Elesbao, Bernardo Dartora"]
[Result "1-0"]
[WhiteElo "1881"]
[BlackElo "1593"]
[PlyCount "69"]
[EventDate "2022.10.21"]
[EventType "swiss"]
[EventRounds "6"]
[EventCountry "BRA"]
[SourceTitle "EXT 2024"]
[Source "ChessBase"]
[SourceDate "2023.10.10"]
[SourceVersion "1"]
[SourceVersionDate "2023.10.10"]
[SourceQuality "1"]

1. e4 c5 2. Nc3 e6 3. Nf3 a6 4. d4 cxd4 5. Nxd4 Qc7 6. Be2 Nf6 7. 0-0 Nc6 8. Kh1 h5 9. f4 Nxd4 10. Qxd4 Bc5 11. Qd1 b5 12. e5 Ng4 13. Ne4 f5 14. Nxc5 Qxc5 15. Bf3 Ra7 16. Qe2 Rc7 17. c3 Bb7 18. Bd2 Bd5 19. Bxd5 Qxd5 20. Qf3 Qc5 21. Be1 Kf7 22. Bf2 Nxf2+ 23. Rxf2 h4 24. Rd2 g5 25. Rad1 Kg6 26. Rxd7 Rxd7 27. Rxd7 g4 28. Qd1 Qf2 29. Rd6 h3 30. Rxe6+ Kh5 31. gxh3 Qxf4 32. hxg4+ fxg4 33. Qd3 Qc1+ 34. Kg2 Qxb2+ 35. Kg3 1-0

[Event "Florianopolis Spring op 2nd"]
[Site "Florianopolis"]
[Date "2022.10.22"]
[Round "2"]
[White "Moro, Antonio Renato Pere"]
[Black "Elesbao, Bernardo Dartora"]
[Result "1-0"]
[WhiteElo "1815"]
[BlackElo "1593"]
[PlyCount "63"]
[EventDate "2022.10.21"]
[EventType "swiss"]
[EventRounds "6"]
[EventCountry "BRA"]
[SourceTitle "EXT 2024"]
[Source "ChessBase"]
[SourceDate "2023.10.10"]
[SourceVersion "1"]
[SourceVersionDate "2023.10.10"]
[SourceQuality "1"]

1. e4 c5 2. Nc3 e6 3. Nf3 a6 4. g3 b5 5. Bg2 Bb7 6. d3 g6 7. Bg5 Ne7 8. Bf6 Rg8 9. Ng5 h6 10. Nh7 Nbc6 11. Qd2 Qb6 12. a3 d6 13. Ne2 0-0-0 14. h4 Bg7 15. Bxg7 Rxg7 16. Qxh6 Rgg8 17. Qe3 Qa5+ 18. c3 Ne5 19. Nf6 Rh8 20. 0-0 c4 21. d4 Nd3 22. Rfb1 d5 23. b3 Qc7 24. bxc4 dxc4 25. a4 Bc6 26. axb5 Bxb5 27. d5 exd5 28. Rxb5 d4 29. Rxa6 dxe3 30. Ra8+ Qb8 31. Raxb8+ Kc7 32. R8b7+ 1-0

[Event "Florianopolis Winter op 6th"]
[Site "Florianopolis"]
[Date "2022.07.16"]
[Round "7"]
[White "Kim, Andre"]
[Black "Elesbao, Bernardo Dartora"]
[Result "0-1"]
[WhiteElo "1158"]
[BlackElo "1551"]
[PlyCount "126"]
[EventDate "2022.07.13"]
[EventType "swiss"]
[EventRounds "9"]
[EventCountry "BRA"]
[SourceTitle "CBM 209 Extra"]
[Source "ChessBase"]
[SourceDate "2022.09.30"]
[SourceVersion "1"]
[SourceVersionDate "2022.09.30"]
[SourceQuality "1"]

1. d4 Nf6 2. Nf3 g6 3. e3 Bg7 4. c4 0-0 5. Nc3 d6 6. Bd3 c5 7. 0-0 e6 8. Bd2 Nc6 9. Qc2 a6 10. a4 Nd7 11. Ne4 cxd4 12. exd4 Nf6 13. Nxf6+ Bxf6 14. d5 Ne5 15. Nxe5 dxe5 16. Bc3 exd5 17. cxd5 Qxd5 18. Rfd1 Qc5 19. Qd2 Rd8 20. Rac1 Qa7 21. Qe2 h5 22. h3 Re8 23. Qf3 Bg5 24. Rc2 Be6 25. Re2 Bb3 26. Bc2 Bxc2 27. Rxc2 Rad8 28. Rxd8 Bxd8 29. Re2 Bc7 30. Qd5 Qb8 31. Re3 Rd8 32. Qb3 Rd7 33. g3 b6 34. Qc4 b5 35. Qc6 Rd6 36. Qe4 Re6 37. axb5 axb5 38. g4 hxg4 39. Qxg4 Qa8 40. h4 Qd5 41. h5 e4 42. Rh3 Qf5 43. Qg2 Be5 44. Bxe5 Qxe5 45. hxg6 Rxg6 46. Rg3 Rxg3 47. Qxg3+ Qxg3+ 48. fxg3 f5 49. Kf2 Kf7 50. Ke3 Ke6 51. Kd4 Kf6 52. Ke3 Kg5 53. Kf2 Kg4 54. b4 e3+ 55. Kxe3 Kxg3 56. Kd4 f4 57. Kc5 f3 58. Kxb5 f2 59. Kc6 f1Q 60. b5 Qc4+ 61. Kb6 Kf4 62. Ka5 Qc8 63. Kb6 Qb8+ 0-1

[Event "Santa Catarina-ch U18"]
[Site "Blumenau"]
[Date "2022.03.27"]
[Round "5"]
[White "Elesbao, Bernardo Dartora"]
[Black "Zabala, Antonio Murara"]
[Result "0-1"]
[WhiteElo "1440"]
[BlackElo "1662"]
[PlyCount "67"]
[EventDate "2022.03.25"]
[EventType "swiss"]
[EventRounds "6"]
[EventCountry "BRA"]
[SourceTitle "EXT 2023"]
[Source "ChessBase"]
[SourceDate "2022.10.05"]
[SourceVersion "1"]
[SourceVersionDate "2022.10.05"]
[SourceQuality "1"]

1. e4 c5 2. Nf3 d6 3. d4 cxd4 4. Nxd4 Nf6 5. Nc3 a6 6. h3 e5 7. Nde2 h5 8. Bg5 Be7 9. Bxf6 Bxf6 10. Nd5 Nd7 11. Nec3 b5 12. a4 bxa4 13. Rxa4 Nb6 14. Nxb6 Qxb6 15. Nd5 Qd8 16. Qa1 Bb7 17. Bxa6 Bxd5 18. exd5 0-0 19. 0-0 Qb6 20. c3 e4 21. Re1 Bh4 22. Rexe4 Qxf2+ 23. Kh1 Bg3 24. Re2 Qc5 25. Qd1 Rfe8 26. Bd3 Kf8 27. Bc2 Qb5 28. Rxe8+ Rxe8 29. Re4 Qxb2 30. Rxe8+ Kxe8 31. Ba4+ Kf8 32. Qxh5 Qxc3 33. Qe2 Be5 34. Kg1 0-1

[Event "Santa Catarina-ch U18"]
[Site "Blumenau"]
[Date "2022.03.26"]
[Round "3"]
[White "Elesbao, Bernardo Dartora"]
[Black "Henriquetta, Rafael Stolf"]
[Result "1/2-1/2"]
[WhiteElo "1440"]
[BlackElo "1349"]
[PlyCount "56"]
[EventDate "2022.03.25"]
[EventType "swiss"]
[EventRounds "6"]
[EventCountry "BRA"]
[SourceTitle "EXT 2023"]
[Source "ChessBase"]
[SourceDate "2022.10.05"]
[SourceVersion "1"]
[SourceVersionDate "2022.10.05"]
[SourceQuality "1"]

1. e4 c5 2. Nf3 g6 3. d4 cxd4 4. Nxd4 Bg7 5. c4 Nc6 6. Be3 Nf6 7. Nc3 d6 8. Be2 0-0 9. 0-0 Bd7 10. h3 Nxd4 11. Bxd4 Bc6 12. Qc2 Nd7 13. Bxg7 Kxg7 14. b4 b6 15. Rad1 Qc7 16. Nd5 Bxd5 17. exd5 Rac8 18. Qe4 Nf6 19. Qd4 a5 20. a3 Kg8 21. f4 axb4 22. axb4 Ra8 23. Ra1 Qb7 24. Qe3 b5 25. Rxa8 Rxa8 26. cxb5 Nxd5 27. Qd4 Rb8 28. Bf3 e6 1/2-1/2

[Event "Florianopolis op 8th"]
[Site "Florianopolis"]
[Date "2022.01.27"]
[Round "6"]
[White "Elesbao, Bernardo Dartora"]
[Black "Boabaid, Jorge Alberto Duard"]
[Result "0-1"]
[WhiteElo "1385"]
[BlackElo "1756"]
[PlyCount "66"]
[EventDate "2022.01.24"]
[EventType "swiss"]
[EventRounds "10"]
[EventCountry "BRA"]
[SourceTitle "EXT 2023"]
[Source "ChessBase"]
[SourceDate "2022.10.05"]
[SourceVersion "1"]
[SourceVersionDate "2022.10.05"]
[SourceQuality "1"]

1. d4 Nf6 2. c4 e6 3. Nf3 d5 4. g3 c6 5. Bg2 Bd6 6. Qc2 Nbd7 7. Nbd2 0-0 8. 0-0 Re8 9. b3 e5 10. dxe5 Nxe5 11. Bb2 Nfg4 12. h3 Nf6 13. Rad1 Qe7 14. Rfe1 b6 15. Nd4 Bd7 16. f4 Neg4 17. e4 dxe4 18. hxg4 Bxg4 19. Rc1 Bc5 20. Kh2 Bxd4 21. Bxd4 Bf5 22. Bxf6 Qxf6 23. Nxe4 Qh6+ 24. Kg1 Qg6 25. Qe2 Bxe4 26. Bxe4 Qxg3+ 27. Qg2 Qxf4 28. Rc3 f6 29. Rf3 Qh4 30. Rg3 Kh8 31. Rxg7 Qxe1+ 32. Kh2 Qxe4 33. Qb2 Qe5+ 0-1

[Event "Florianopolis op 8th"]
[Site "Florianopolis"]
[Date "2022.01.25"]
[Round "3"]
[White "De Oliveira, Marlon Joshua"]
[Black "Elesbao, Bernardo Dartora"]
[Result "1-0"]
[WhiteElo "1824"]
[BlackElo "1385"]
[PlyCount "69"]
[EventDate "2022.01.24"]
[EventType "swiss"]
[EventRounds "10"]
[EventCountry "BRA"]
[SourceTitle "EXT 2023"]
[Source "ChessBase"]
[SourceDate "2022.10.05"]
[SourceVersion "1"]
[SourceVersionDate "2022.10.05"]
[SourceQuality "1"]

1. d4 Nf6 2. c4 c5 3. d5 b5 4. cxb5 a6 5. f3 axb5 6. e4 d6 7. Bxb5+ Bd7 8. Bxd7+ Nbxd7 9. Nc3 g6 10. Nge2 Bg7 11. 0-0 0-0 12. Be3 Qa5 13. Qc1 Ne5 14. b3 Rfc8 15. f4 Neg4 16. h3 Nxe3 17. Qxe3 Ne8 18. e5 c4 19. Rab1 Bh6 20. Qg3 Ng7 21. f5 Nh5 22. Qh4 Be3+ 23. Kh1 dxe5 24. fxg6 fxg6 25. Qxe7 Bd4 26. bxc4 Rc7 27. Qe6+ Kh8 28. Nb5 Rb7 29. Nbxd4 Rxb1 30. Rxb1 exd4 31. Rb7 Qe1+ 32. Kh2 Ng7 33. Qe7 Rg8 34. d6 d3 35. d7 1-0

[Event "Santa Catarina State-ch 67th"]
[Site "Rio Negrinho"]
[Date "2021.10.26"]
[Round "5"]
[White "Pereira, Armando Scharlau"]
[Black "Elesbao, Bernardo Dartora"]
[Result "1/2-1/2"]
[WhiteElo "1680"]
[BlackElo "1413"]
[PlyCount "69"]
[EventDate "2021.10.21"]
[EventType "swiss"]
[EventRounds "7"]
[EventCountry "BRA"]
[SourceTitle "EXT 2023"]
[Source "ChessBase"]
[SourceDate "2022.10.05"]
[SourceVersion "1"]
[SourceVersionDate "2022.10.05"]
[SourceQuality "1"]

1. c4 b6 2. Nc3 Bb7 3. e4 e6 4. d4 Nf6 5. f3 d5 6. cxd5 exd5 7. e5 Nfd7 8. Be3 Bb4 9. Nh3 c5 10. Bb5 0-0 11. f4 cxd4 12. Bxd4 Nc5 13. 0-0 Bxc3 14. Bxc3 Nba6 15. f5 Nc7 16. Be2 Ne4 17. Bd4 f6 18. e6 Qe7 19. a3 Rfd8 20. Rf4 Nd6 21. a4 Na6 22. Bxa6 Bxa6 23. Qh5 Bd3 24. g4 Ne4 25. Nf2 Qb4 26. Qf7+ Kh8 27. Be3 Qxb2 28. Rc1 Nxf2 29. Rxf2 Qe5 30. Bf4 Qd4 31. Rc7 Rg8 32. Bh6 Qxg4+ 33. Rg2 Qd4+ 34. Rf2 Qg4+ 35. Rg2 1/2-1/2

[Event "Santa Catarina State-ch 67th"]
[Site "Rio Negrinho"]
[Date "2021.10.24"]
[Round "6"]
[White "Elesbao, Bernardo Dartora"]
[Black "Melo, Sergio Roberto Samp"]
[Result "0-1"]
[WhiteElo "1413"]
[BlackElo "1636"]
[PlyCount "44"]
[EventDate "2021.10.21"]
[EventType "swiss"]
[EventRounds "7"]
[EventCountry "BRA"]
[SourceTitle "EXT 2023"]
[Source "ChessBase"]
[SourceDate "2022.10.05"]
[SourceVersion "1"]
[SourceVersionDate "2022.10.05"]
[SourceQuality "1"]

1. e4 e6 2. b3 d5 3. Bb2 Nf6 4. e5 Nfd7 5. f4 c5 6. Nf3 Be7 7. c4 dxc4 8. Bxc4 0-0 9. Qc2 Nb6 10. Bd3 g6 11. Nc3 Bd7 12. h4 Nc6 13. a3 Rc8 14. Qd1 Na5 15. h5 c4 16. Bc2 cxb3 17. Bxg6 fxg6 18. hxg6 hxg6 19. Nd4 Bh4+ 20. Ke2 Rxf4 21. Qb1 Qg5 22. Rg1 Rf2+ 0-1

[Event "Santa Catarina State-ch 67th"]
[Site "Rio Negrinho"]
[Date "2021.10.23"]
[Round "1"]
[White "Cordeiro, Marco Aurelio Zaror"]
[Black "Elesbao, Bernardo Dartora"]
[Result "1-0"]
[WhiteElo "2170"]
[BlackElo "1413"]
[PlyCount "59"]
[EventDate "2021.10.21"]
[EventType "swiss"]
[EventRounds "7"]
[EventCountry "BRA"]
[SourceTitle "EXT 2023"]
[Source "ChessBase"]
[SourceDate "2022.10.05"]
[SourceVersion "1"]
[SourceVersionDate "2022.10.05"]
[SourceQuality "1"]

1. e4 c5 2. Nf3 e6 3. d4 cxd4 4. Nxd4 a6 5. g3 Nc6 6. Bg2 Bc5 7. Nb3 Ba7 8. 0-0 Nge7 9. c4 Ng6 10. Nc3 Qe7 11. Qe2 Nge5 12. a3 0-0 13. Kh1 Nd4 14. Nxd4 Bxd4 15. f4 Nc6 16. Be3 Bxc3 17. bxc3 b5 18. Rfd1 Rb8 19. Qf2 Qd8 20. Bc5 bxc4 21. e5 Qa5 22. Bxc6 dxc6 23. Bb4 Rxb4 24. axb4 Qc7 25. Qc5 Rd8 26. Kg2 Rd5 27. Rxd5 exd5 28. b5 axb5 29. Ra7 Bb7 30. Qd6 1-0

[Event "BRA-ch U20"]
[Site "Concordia"]
[Date "2021.10.01"]
[Round "3"]
[White "Elesbao, Bernardo Dartora"]
[Black "Lima, Leonardo1111"]
[Result "0-1"]
[WhiteElo "1413"]
[BlackElo "1586"]
[PlyCount "82"]
[EventDate "2021.09.30"]
[EventType "swiss"]
[EventRounds "6"]
[EventCountry "BRA"]
[SourceTitle "EXT 2023"]
[Source "ChessBase"]
[SourceDate "2022.10.05"]
[SourceVersion "1"]
[SourceVersionDate "2022.10.05"]
[SourceQuality "1"]

1. e4 e5 2. Nf3 Nc6 3. Bc4 Nf6 4. Ng5 d5 5. exd5 Na5 6. Bb5+ Bd7 7. Bd3 h6 8. Ne4 Nxe4 9. Bxe4 Qh4 10. Qf3 Nc4 11. d6 c6 12. b3 Nxd6 13. Bd3 e4 14. Qe3 Be7 15. Be2 Nf5 16. Qh3 Qxh3 17. gxh3 Nd4 18. Kd1 Nxe2 19. Kxe2 Bf6 20. Nc3 Bxh3 21. Rb1 Bg2 22. Re1 0-0 23. Ba3 Bf3+ 24. Kf1 Rfe8 25. Nd1 Rad8 26. Bb4 Rd5 27. Ne3 Rh5 28. Bd6 Be5 29. Bxe5 Rexe5 30. Rec1 Rxh2 31. Ke1 Rh1+ 32. Nf1 Rg5 33. d3 Rgg1 34. Kd2 f5 35. dxe4 Bxe4 36. Re1 Kf7 37. Rbd1 Bf3 38. Rc1 f4 39. Kd3 Bg2 40. Ne3 Rxe1 41. Rxe1 fxe3 0-1

[Event "BRA-ch U20"]
[Site "Concordia"]
[Date "2021.09.30"]
[Round "1"]
[White "Elesbao, Bernardo Dartora"]
[Black "Do Valle Cardoso, Lucas"]
[Result "0-1"]
[WhiteElo "1413"]
[BlackElo "2285"]
[PlyCount "52"]
[EventDate "2021.09.30"]
[EventType "swiss"]
[EventRounds "6"]
[EventCountry "BRA"]
[SourceTitle "EXT 2023"]
[Source "ChessBase"]
[SourceDate "2022.10.05"]
[SourceVersion "1"]
[SourceVersionDate "2022.10.05"]
[SourceQuality "1"]

1. e4 e5 2. f4 d5 3. exd5 e4 4. d3 Nf6 5. Nc3 Bb4 6. Bd2 e3 7. Bxe3 0-0 8. Nge2 Nxd5 9. Bd2 Re8 10. Nxd5 Bxd2+ 11. Qxd2 Qxd5 12. c4 Qc5 13. 0-0-0 Nc6 14. Nc3 Nd4 15. Ne4 Qe7 16. Re1 Bf5 17. Qe3 Qb4 18. Qd2 a5 19. Nc3 Rxe1+ 20. Qxe1 a4 21. Qe5 a3 22. Qxd4 Qxb2+ 23. Kd1 Re8 24. h3 c5 25. Qxc5 Qxc3 26. Qf2 Qa1+ 0-1

[Event "BRA-ch U16"]
[Site "Florianopolis"]
[Date "2021.07.04"]
[Round "6"]
[White "Silva, Caio Henrique Angel"]
[Black "Elesbao, Bernardo Dartora"]
[Result "1-0"]
[WhiteElo "1693"]
[BlackElo "1423"]
[PlyCount "73"]
[EventDate "2021.07.01"]
[EventType "swiss"]
[EventRounds "6"]
[EventCountry "BRA"]
[SourceTitle "CBM 203 Extra"]
[Source "ChessBase"]
[SourceDate "2021.09.30"]
[SourceVersion "1"]
[SourceVersionDate "2021.09.30"]
[SourceQuality "1"]

1. d4 Nf6 2. Nf3 g6 3. g3 Bg7 4. Bg2 0-0 5. 0-0 d6 6. c4 Nbd7 7. Nc3 e5 8. e4 c6 9. dxe5 dxe5 10. Qc2 Re8 11. h3 a5 12. Be3 Qe7 13. Rad1 Qb4 14. Nd2 a4 15. a3 Qa5 16. c5 Qa6 17. Rfe1 Bf8 18. Na2 Qa7 19. Rc1 Nb8 20. Nb4 Be6 21. Nd3 Nfd7 22. Nc4 Bxc4 23. Qxc4 b5 24. cxb6 Nxb6 25. Qc3 Bd6 26. Red1 Bc7 27. Nc5 Qa5 28. Qc2 Nc8 29. h4 Bb6 30. Qe2 Qb5 31. Qc2 Bxc5 32. Bxc5 Na6 33. Be3 Ne7 34. Bf1 Qb3 35. Qxb3 axb3 36. Rc3 Reb8 37. Rd7 1-0

[Event "BRA-ch U20"]
[Site "Concordia"]
[Date "2019.08.03"]
[Round "5"]
[White "Lopes, Leonardo Borges"]
[Black "Elesbao, Bernardo Dartora"]
[Result "1/2-1/2"]
[WhiteElo "1425"]
[BlackElo "1324"]
[PlyCount "40"]
[EventDate "2019.08.01"]
[EventType "swiss"]
[EventRounds "7"]
[EventCountry "BRA"]
[SourceTitle "EXT 2020"]
[Source "ChessBase"]
[SourceDate "2019.10.17"]
[SourceVersion "1"]
[SourceVersionDate "2019.10.17"]
[SourceQuality "1"]

1. c4 g6 2. Nc3 Bg7 3. e4 d6 4. g3 e5 5. Bg2 f5 6. Nf3 Nf6 7. d3 0-0 8. 0-0 c6 9. c5 Qc7 10. b4 Na6 11. cxd6 Qxd6 12. a3 Rd8 13. Bb2 Be6 14. Qc2 Qxd3 15. Qxd3 Rxd3 16. exf5 Bxf5 17. Nxe5 Rd2 18. Nc4 Rc2 19. Rac1 Rd8 20. Rxc2 Bxc2 1/2-1/2

[Event "BRA-ch U20"]
[Site "Concordia"]
[Date "2019.08.02"]
[Round "3"]
[White "Elesbao, Bernardo Dartora"]
[Black "Lima, Leonardo1111"]
[Result "1-0"]
[WhiteElo "1324"]
[BlackElo "1613"]
[PlyCount "69"]
[EventDate "2019.08.01"]
[EventType "swiss"]
[EventRounds "7"]
[EventCountry "BRA"]
[SourceTitle "EXT 2020"]
[Source "ChessBase"]
[SourceDate "2019.10.17"]
[SourceVersion "1"]
[SourceVersionDate "2019.10.17"]
[SourceQuality "1"]

1. e4 Nf6 2. e5 Nd5 3. d4 d6 4. c4 Nb6 5. f4 dxe5 6. fxe5 Nc6 7. Nf3 Bg4 8. Be3 Bxf3 9. gxf3 g6 10. Nc3 Bg7 11. f4 e6 12. h4 Ne7 13. Bh3 0-0 14. b3 c6 15. Ne4 Nf5 16. Bxf5 exf5 17. Ng3 Qe7 18. Qd2 Rad8 19. h5 Qe6 20. h6 Bh8 21. Qg2 f6 22. Nh5 fxe5 23. fxe5 Bxe5 24. dxe5 Qxe5 25. Kf2 Qb2+ 26. Kf3 Qxg2+ 27. Kxg2 gxh5 28. Rxh5 Rd3 29. Rg5+ Kh8 30. Re1 Rg8 31. Rxg8+ Kxg8 32. Kf3 Kf7 33. Rg1 Kf6 34. Ke2 Rd8 35. Bg5+ 1-0